Phòng trị bệnh thuỷ đậu và bệnh Zona = Thủy đậu cấp đái trạng bào chẩn phòng trị

Na minha lista:
Detalhes bibliográficos
Autor principal: Ngụy Chấn Mãn
Formato: Livro
Idioma:Undetermined
Publicado em: H. Y Học 2003
Assuntos:
Tags: Adicionar Tag
Sem tags, seja o primeiro a adicionar uma tag!
Thư viện lưu trữ: Trung tâm Học liệu Trường Đại học Cần Thơ
LEADER 00669nam a2200181Ia 4500
001 CTU_53587
008 210402s9999 xx 000 0 und d
020 |b 20000 
082 |a 616.914 
082 |b M105 
100 |a Ngụy Chấn Mãn 
245 0 |a Phòng trị bệnh thuỷ đậu và bệnh Zona = Thủy đậu cấp đái trạng bào chẩn phòng trị 
245 0 |c Ngụy Chấn Mãn, Trương văn Cẩn và Khương Tố Xuân; Nguyễn Kim Dân dịch 
260 |a H. 
260 |b Y Học 
260 |c 2003 
650 |a chickenpox,communicable diseases 
980 |a Trung tâm Học liệu Trường Đại học Cần Thơ